00848nam a2200241Ia 4500003000400000005001700004008004100021020001800062040001800080041000800098082001900106100003100125245005700156250001300213260004400226300002800270650002900298650004500327700002600372942002800398999001900426952016100445OSt20220317155023.0210716s2011 xx 000 0 und d a9789332585874 cAIMIT LIBRARY aeng a658 213bROBS aRobbins, Stephen P.924076 aManagement /cBy Stephen P Robbins and Mary Coulter. a13th ed. aNew Delhi :bPearson Education ,c2011. axxxvi,700p. ;c25.5 cm. aMaking Decisions.924077 aManaging in a Global Environment.924078 aCoulter, Mary.924079 2ddccBKe13thk658 ROBS c210532d210532 00102ddc40708MBAaAIMITbAIMITd2018-03-14g775.00iBill no:4548; Bill dt:2018-03-13l0o658 ROBSpMBA13100r2026-05-23 00:00:00v581.25w2021-07-16yBK